Armageddon : pentagon, Jilid III

Bibliographic Details
Main Author: Arena Wati
Format: Book
Published: Selangor : Universiti Kebangsaan Malaysia , 2004
Subjects:

MARC

LEADER 00000cam a2200000 7i4500
001 0000015198
005 20080318.0
008 080318
020 |a 967942670x 
090 0 0 |a ARE   |b MAL 
100 0 |a Arena Wati 
245 1 0 |a Armageddon :   |b pentagon, Jilid III   |c Arena Wati 
260 |a Selangor :   |b Universiti Kebangsaan Malaysia ,   |c 2004 
650 0 |a Malay fiction 
999 |a 0000946834   |b Book   |c Adult Collection   |e Cawangan Bandar Tenggara 
999 |a 0001016429   |b Book   |c Adult Collection   |e Perbadanan Perpustakaan Awam Johor